• 首页
  • 本馆介绍
  • 公告通知
  • 最新文献
  • 馆藏检索
  • 电子资源
  • 读者导购
  • 参考咨询
  • 我的图书馆
  • 登录
  • 详细信息显示
  • 放入我的书架
  • 预约/预借图书
  • 作者相关作品
  • 分类相关作品
  • 丛书相关作品
  • 出版社相关作品

书目信息

  • 表格格式
  • 工作单格式
  • 卡片格式
题名:
按劳分配学说史论文集
    
 
作者: ;商务印书馆编辑部 编
分册:  
出版信息: 北京   商务印书馆  1978.08
页数: 343页
开本: 19cm
丛书名:
单 册:
中图分类: F046
科图分类:
主题词: 社会主义社会--生产方式
电子资源:
ISBN:
000 00575nam0 2200193 45
001 0309081092
005 20060801105605.81
010    @dCNY1.00
091    @a4017.193
100    @a20030908d1978 km y0chiy0120 ea
101 0  @achi
200 1  @a按劳分配学说史论文集@AAn Lao Fen Pei Xue Shuo Shi Lun Wen Ji@f商务印书馆编辑部编@FShang Wu Yin Shu Guan Bian Ji Bu Bian
210    @a北京@c商务印书馆@d1978.08
215    @a343页@d19cm
606 0  @a社会主义社会@x生产方式
690    @aF046@v3
711 02 @a商务印书馆编辑部@4编
801    @aCN@bTSTC@c20060801
905    @f1@b1107@dF046@e1
    
    按劳分配学说史论文集/商务印书馆编辑部编.-北京:商务印书馆,1978.08
    343页;19cm
    
    
    ISBN :CNY1.00
    
●
相关链接 在E读中查询图书 在五车中查询图书 在当当中查询图书 在豆瓣中查询图书


正题名:按劳分配学说史论文集     索取号:F046/1         预约/预借

序号 登录号 条形码 馆藏地/架位号 状态 备注
1 0001106   001271803   第一样本阅览室/ [索取号:F046/1] 在馆    
2 0001107   001813416   密集书库/ [索取号:F046/1] 在馆    
3 0441196   204411966   密集书库/ [索取号:F046/1] 在馆    
唐山师范学院图书馆 欢迎您!
大连网信软件有限公司© 版权所有